00217nam a2200085Ia 4500008004100000041000800041100002200049245002900071260003100100241105s9999 xx 000 0 und d aeng aPadishalwar Sneha aAnalyzing Hospital Noise bBNCA M Arch EA, Punec2017